Ginebra y Nancy (Record no. 167533)
[ view plain ]
| 000 -LEADER | |
|---|---|
| campo de control de longitud fija | 00845nam a22001935i 4500 |
| 001 - NÚMERO DE CONTROL | |
| campo de control | 167533 |
| 003 - IDENTIFICADOR DE NÚMERO DE CONTROL | |
| campo de control | ES-MaACL |
| 005 - FECHA Y HORA DE LA ÚLTIMA TRANSACCIÓN | |
| campo de control | 20231227150221.0 |
| 008 - DATOS DE LONGITUD FIJA--INFORMACIÓN GENERAL | |
| campo de control de longitud fija | 960320s1890 sp |||| | spa d |
| 040 ## - FUENTE DE CATALOGACIÓN | |
| Centro catalogador/agencia de origen | CLM |
| Lengua de catalogación | spa |
| Centro/agencia transcriptor | CCPB | SIC |
| 100 1# - ENTRADA PRINCIPAL--NOMBRE DE PERSONA | |
| Nombre de persona | Vilanova y Piera, Juan, |
| Fechas asociadas al nombre | 1821-1893 |
| 9 (RLIN) | 114785 |
| 245 10 - MENCIÓN DEL TÍTULO | |
| Título | Ginebra y Nancy |
| Resto del título | : congresos científicos celebrados en 1886 / |
| Mención de responsabilidad, etc. | relato por el Dr. Juan Vilanova y Piera. |
| 260 ## - PUBLICACIÓN, DISTRIBUCIÓN, ETC. | |
| Lugar de publicación, distribución, etc. | Madrid : |
| Nombre del editor, distribuidor, etc. | [s.n.], |
| Fecha de publicación, distribución, etc. | 1890 ( |
| Fabricante | Imp. del Colegio Nacional de Sordo-Mudos y de Ciegos) |
| 300 ## - DESCRIPCIÓN FÍSICA | |
| Extensión | 321 p., [1] h. de map. pleg. ; |
| Dimensiones | 22 cm. |
| 650 #4 - PUNTO DE ACCESO ADICIONAL DE MATERIA--TÉRMINO DE MATERIA | |
| Término de materia o nombre geográfico como elemento de entrada | Ciencias- |
| Subdivisión de forma | Congresos y asambleas. |
| 9 (RLIN) | 147508 |
| 852 ## - LOCALIZACIÓN | |
| Ubicación | ES-MaACL |
| Número de control de estantería | F-12708 |
| Nota libre | -- Enc. hol. |
| 856 ## - LOCALIZACIÓN Y ACCESO ELECTRÓNICOS | |
| Identificador Uniforme de Recursos | <a href="http://bibliotecadigitalhispanica.bne.es:80/webclient/DeliveryManager?pid=1627597&custom_att_2=simple_viewer">http://bibliotecadigitalhispanica.bne.es:80/webclient/DeliveryManager?pid=1627597&custom_att_2=simple_viewer</a> |
| Nota pública | Ir a la página |
| Estatus retirado | Estado de pérdida | Estado de daño | No para préstamo | Colección | Biblioteca de origen | Biblioteca actual | Ubicación en estantería | Fecha de adquisición | Fuente de adquisición | Total de préstamos | Signatura topográfica completa | Código de barras | Visto por última vez | Precio de reemplazo | Tipo de ítem Koha |
|---|---|---|---|---|---|---|---|---|---|---|---|---|---|---|---|
| Colección digital | Biblioteca del Ateneo de Madrid | Biblioteca del Ateneo de Madrid | Sala Pecera Planta 2 | 17/01/2008 | F-12708 | 1175756 | 23/02/2023 | 23/02/2023 | Libro impreso antiguo |
